| 000 | 00949nam a22001817a 4500 | ||
|---|---|---|---|
| 008 | 250117e20231120xxk|||||o|||| 00| 0 eng d | ||
| 041 | _aeng | ||
| 110 | _aRoyal Institution of Chartered Surveyors | ||
| 245 | _aJLL support financial and asset management though a bespoke ESG valuation model | ||
| 260 |
_bRoyal Institution of Chartered Surveyors, _c20 November 2023 |
||
| 520 | _aCOP28 case study. Challenges, solutions and outcomes of a team instructed by a multinational investor who wanted to implement a decarbonisation strategy while understanding the risks and opportunities the strategy represented to asset values in their portfolio. | ||
| 650 | _aDECARBONISATION | ||
| 650 | _aESG | ||
| 690 |
_aBuilt Environment _96307 |
||
| 710 | _aRoyal Institution of Chartered Surveyors | ||
| 856 |
_uhttps://www.rics.org/news-insights/jll-support-financial-and-asset-management-though-a-bespoke-esg- _zAvailable free on RICS.org |
||
| 942 | _n0 | ||
| 999 |
_c122088 _d122088 |
||